Statistiques concernant Culture Générale - Série 1328

Cliquez ici pour prendre le quiz!

Statistiques générales

  • Ce quiz a été pris 41 fois
  • Le résultat moyen est 6 sur 10

Statistiques - réponses

QuestionRéponse% Correct
Dans quel pays le Pô prend-il sa source ?Italie
93%
Quel nom désigne les bras munis de ventouses des poulpes ?tentacules
83%
Quel fruit sans pépins mange-t-on grâce au père Clément ?clémentine
80%
Quelle variété de riz à grains très fins est cultivée en Inde et au Pakistan ?basmati
80%
De combien d'oeuvres se compose une tétralogie ?quatre
76%
Dans le film "Didier", quel acteur se transforme en labrador ?Alain Chabat
71%
Pour quel roman Ernest Hemingway reçoit-il le prix Pulitzer en 1953 ?Le Vieil Homme et la mer
61%
En 1972, de quelle chanteuse Michel Berger a-t-il produit le premier album, intitulé "Amoureuse" ?Véronique Sanson
41%
En quelle année le canal de Panama a-t-il été inauguré ?1914
24%
En 1962, quel chanteur, accompagné par les Danger's, fait un tube avec "Le Petit Gonzales" ?Danyel Gérard
12%

Distribution des résultats

Percentile par nombre de réponses

% des personnes avec chaque résultat

Votre développement - résultats

Vous n’avez pas pris ce quiz